000 00207 a2200097 4500
001 20444
100 _abartee, T
245 _adigital Computer Foundation
260 _a
_bBartee, T
_c
090 _c14879
_d14879
942 _aNUST-CAE
_cM
_c5423
999 _c255517
_d255517